| Tag |
First Indicator |
Second Indicator |
Subfields |
| LEADER |
00000cam a2200000 a 4500 |
| 001 |
in00002010751 |
| 005 |
20151031151903.0 |
| 008 |
961031s1996 vau b 000 0 eng d |
| 010 |
|
|
|a 98132219
|
| 020 |
|
|
|a 188288602X
|
| 035 |
|
|
|a (OCoLC)ocm35823225
|
| 040 |
|
|
|a MiU
|c EYM
|d DLC
|d TXA
|d UtOrBLW
|
| 042 |
|
|
|a lccopycat
|
| 043 |
|
|
|a n-us-va
|
| 049 |
|
|
|a TXAM
|
| 050 |
0 |
0 |
|a E332.2
|b .S73 1996
|
| 082 |
0 |
0 |
|a 973.4/6/092
|
| 100 |
1 |
|
|a Stanton, Lucia C.
|
| 245 |
1 |
0 |
|a Slavery at Monticello /
|c Lucia Stanton ; preface by Julian Bond.
|
| 264 |
|
1 |
|a Charlotteville, Va. :
|b Thomas Jefferson Memorial Foundation,
|c 1996.
|
| 300 |
|
|
|a 58 pages :
|b illustrations ;
|c 26 cm.
|
| 336 |
|
|
|a text
|b txt
|2 rdacontent
|
| 337 |
|
|
|a unmediated
|b n
|2 rdamedia
|
| 338 |
|
|
|a volume
|b nc
|2 rdacarrier
|
| 490 |
1 |
|
|a Monticello monograph series
|
| 500 |
|
|
|a "The contents of this book originally appeared in Jeffersonian legacies, edited by Peter S. Onuf (Charlotteville: University Press of Virginia, 1993)"-- Title page verso.
|
| 504 |
|
|
|a Includes bibliographical references (pages 47-57).
|
| 600 |
1 |
0 |
|a Jefferson, Thomas,
|d 1743-1826
|x Views on slavery.
|
| 650 |
|
0 |
|a Slavery
|z Virginia
|z Albemarle County
|x History.
|
| 651 |
2 |
0 |
|a Monticello (Va.)
|
| 710 |
2 |
|
|a Thomas Jefferson Memorial Foundation, Inc.
|
| 830 |
|
0 |
|a Monticello monograph series.
|
| 948 |
|
|
|a cataloged
|b h
|c 2005/2/24
|d c
|e dmitchel
|f 12:00:00 pm
|
| 994 |
|
|
|a C0
|b TXA
|
| 999 |
|
|
|a MARS
|
| 999 |
f |
f |
|s 02920beb-f39e-3fb3-baf0-be6d30699ed6
|i 86fed547-18e7-3b71-ab41-8a13bdbbe097
|t 0
|
| 952 |
f |
f |
|p normal
|a Texas A&M University
|b College Station
|c Sterling C. Evans Library
|d Evans: Library Stacks
|t 0
|e E332.2 .S73 1996
|h Library of Congress classification
|i unmediated -- volume
|m A14832491713
|
| 998 |
f |
f |
|a E332.2 .S73 1996
|t 0
|l Evans: Library Stacks
|